Betsy Ross / (Record no. 2231)

MARC details
000 -LEADER
fixed length control field 01089cam a2200301 a 4500
005 - DATE AND TIME OF LATEST TRANSACTION
control field 20250516092127.0
020 ## - INTERNATIONAL STANDARD BOOK NUMBER
International Standard Book Number 9780823419081
020 ## - INTERNATIONAL STANDARD BOOK NUMBER
International Standard Book Number 9780545490207
020 ## - INTERNATIONAL STANDARD BOOK NUMBER
International Standard Book Number 0823419088
040 ## - CATALOGING SOURCE
Original cataloging agency DLC
Transcribing agency DLC
Modifying agency IG#
-- EHH
-- BDX
-- BTCTA
-- DLC
Language of cataloging eng
050 00 - LIBRARY OF CONGRESS CALL NUMBER
Classification number E302.6.R77
Item number W47 2011
082 00 - DEWEY DECIMAL CLASSIFICATION NUMBER
Classification number 973.3092
-- B
Edition number 22
100 1# - MAIN ENTRY--PERSONAL NAME
Personal name White, Becky
Dates associated with a name 1947-
245 10 - TITLE STATEMENT
Title Betsy Ross /
Statement of responsibility, etc. by Becky White ; illustrated by Megan Lloyd.
250 ## - EDITION STATEMENT
Edition statement First Scholastic printing, September 2012
260 ## - PUBLICATION, DISTRIBUTION, ETC.
Place of publication, distribution, etc. New York :
Name of publisher, distributor, etc. Scholastic,
Date of publication, distribution, etc. 2011
300 ## - PHYSICAL DESCRIPTION
Extent 30 unnumbered pages :
Other physical details illustrations
Dimensions 26 cm
505 ## - FORMATTED CONTENTS NOTE
Formatted contents note D
520 ## - SUMMARY, ETC.
Summary, etc. Tells the story of the colonial seamstress who, according to legend, stitched the first American flag, after a design by George Washington.
521 ## - TARGET AUDIENCE NOTE
Target audience note 210
Source Lexile
521 ## - TARGET AUDIENCE NOTE
Target audience note D
Source Raz-Plus
650 #0 - SUBJECT ADDED ENTRY--TOPICAL TERM
Topical term or geographic name entry element Flags
Geographic subdivision United States
General subdivision History
Chronological subdivision 18th century
Form subdivision Juvenile literature.
650 #1 - SUBJECT ADDED ENTRY--TOPICAL TERM
Topical term or geographic name entry element Flags
Geographic subdivision United States
General subdivision History
Chronological subdivision 18th century.
700 1# - ADDED ENTRY--PERSONAL NAME
Personal name Lloyd, Megan
Relator term illustrator
906 ## - LOCAL DATA ELEMENT F, LDF (RLIN)
a 7
b cbc
c orignew
d 1
e ecip
f 20
g y-gencatlg
942 ## - ADDED ENTRY ELEMENTS (KOHA)
Source of classification or shelving scheme Dewey Decimal Classification
Koha item type Books
Suppress in OPAC No
999 ## -
-- 2231
-- 2231
Holdings
Withdrawn status Lost status Source of classification or shelving scheme Damaged status Not for loan Collection Home library Current library Shelving location Date acquired Total Checkouts Full call number Barcode Date last seen Copy number Price effective from Koha item type
    Dewey Decimal Classification     Non-Fiction Footprints International School Library Network Toul Kork Campus Footprints International School Library Network Toul Kork Campus TK Primary Library Room(4th Floor), Bookcase 7, Shelves 57-60, Dark Green Books 11/13/2023   WHI 973.3092 E302.6.R77 FISBK05046 11/13/2023 1 11/13/2023 Books
    Dewey Decimal Classification     Non-Fiction Footprints International School Library Network Toul Kork Campus Footprints International School Library Network Toul Kork Campus TK Primary Library Room(4th Floor), Bookcase 7, Shelves 57-60, Dark Green Books 05/16/2025   WHI 973.3092 E302.6.R77 FISBK05041 05/16/2025 2 05/16/2025 Books